000
00261nam a22000977a 4500
999
_c
11662
_d
11662
008
191122b ||||| |||| 00| 0 eng d
020
_a
9780195684056
100
_a
Singh Upinder
_9
7364
245
_a
Ancient Delhi
260
_a
New Delhi
_b
Oxford University Press
_c
2006